ABNORMAL PSYCHOLOGY (Record no. 26469)

MARC details
000 -LEADER
fixed length control field 00330nam a22001577a 4500
003 - CONTROL NUMBER IDENTIFIER
control field SGT
020 ## - INTERNATIONAL STANDARD BOOK NUMBER
International Standard Book Number 9789353065591
082 ## - DEWEY DECIMAL CLASSIFICATION NUMBER
Classification number 150,BUT
100 ## - MAIN ENTRY--PERSONAL NAME
Personal name BUTCHER, JAMES N.
245 ## - TITLE STATEMENT
Title ABNORMAL PSYCHOLOGY
250 ## - EDITION STATEMENT
Edition statement 17TH
260 ## - PUBLICATION, DISTRIBUTION, ETC. (IMPRINT)
Place of publication, distribution, etc INDIA
Name of publisher, distributor, etc PEARSON
Year of Publication 2024
300 ## - PAGE DESCRIPTION
No. of Pages 883
650 ## - SUBJECT ADDED ENTRY--TOPICAL TERM
Topical term or geographic name as entry element PSYCHOLOGY
942 ## - ADDED ENTRY ELEMENTS (KOHA)
Source of classification or shelving scheme Dewey Decimal Classification
Koha item type Books
942 ## - ADDED ENTRY ELEMENTS (KOHA)
-- 12
Holdings
Withdrawn status Lost status Source of classification or shelving scheme Damaged status Not for loan Collection code Home library Current library Shelving location Date acquired Vendor Name Cost, normal purchase price SGTU Bill Number Total Checkouts Full call number Accession No. (Barcode) Date last seen Date last borrowed Bill Date Koha item type
    Dewey Decimal Classification     ENGINEERING SGT Engineering Library SGT Engineering Library Text Book 19/06/2024 SAVERA BOOK DISTRIBUTORS 1000.00 SGTU 24-25 /CRB/164 17 150,BUT FE9051 02/06/2026 15/05/2026   Books
    Dewey Decimal Classification     ENGINEERING SGT Engineering Library SGT Engineering Library Text Book 19/06/2024 SAVERA BOOK DISTRIBUTORS 1000.00 SGTU 24-25-CRB/164 14 150,BUT FE9052 11/05/2026 11/05/2026   Books
    Dewey Decimal Classification     ENGINEERING SGT Engineering Library SGT Engineering Library Text Book 19/06/2024 SAVERA BOOK DISTRIBUTORS 1000.00 SGTU 24-25-CRB/164 20 150,BUT FE9053 06/05/2026 30/04/2026   Books